UK Town and City Trivia - Norwich - Statistics

General Stats
  • This quiz has been taken 97 times
  • The average score is 8 of 15
Answer Stats
Hint Answer % Correct
County is which Norwich is located Norfolk
100%
Nickname of the above football team Canaries
88%
Condiment produced in Norwich by Colman's for over 160 years Mustard
88%
Celebrity cook, TV presenter and major shareholder in Norwich City F.C. Delia Smith
79%
Home ground of Norwich City F.C. Carrow Road
76%
Presenter on the fictional station, Radio Norwich, played by Steve Coogan Alan Partridge
62%
The two main rivers that flow through and to the south of the city centre, before merging at Whitlingham on its eastern boundary Wensum
53%
Open common land that overlooks the city from the north-east {Mouse}hold Heath
51%
Yare
51%
Very popular TV quiz show of the 1970s and 1980s. Every show began with the words “And now, from Norwich, it’s the quiz of the week!” {Sale} of the Century
42%
System that aids the sorting of mail, first trialled in Norwich in 1959 Postcode
33%
14th century, riverside, artillery blockhouse to the north-east of the city centre {Cow} Tower
32%
Yeoman who led a rebellion against the enclosure of common land in 1549. His rebel army captured Norwich before he was eventually captured and executed Robert Kett
29%
15th century, flint stone watergate & 17th century ferry house on the riverside walk {Pull's} Ferry
21%
Historic cobbled area at one end of Elm Hill in the heart of Norwich. Also the title and setting of a novel in the 'Shardlake' series by C.J. Sansom Tombland
19%
No matching quizzes found
Score Distribution
Percent of People with Each Score
Percentile by Number Answered
Your Score History
You have not taken this quiz